International management news 2012 peer-reviewed scientific proceedings : [the 3rd annual international scientific management conference for researchers, students and experts, 12th december 2012, Bratislava, Slovak republic]

Na minha lista:
Detalhes bibliográficos
Autor Corporativo: International management news. Annual international scientific management conference
Outros Autores: Meluchová, Jitka, 1965-, Fuksová, Nadežda
Formato: Livro
Idioma:inglês
Publicado em: Bratislava European Institute for Development and Education 2012
Assuntos:
Tags: Adicionar Tag
Sem tags, seja o primeiro a adicionar uma tag!

MARC

LEADER 00000nam a2200000 4500
001 0166163
005 20240502072909.4
020 |a 978-80-970611-2-8 
041 0 |a eng 
044 |a SK 
245 1 0 |a International management news 2012  |b peer-reviewed scientific proceedings : [the 3rd annual international scientific management conference for researchers, students and experts, 12th december 2012, Bratislava, Slovak republic]  |c Editor: Jitka Meluchová, Nadežda Fuksová 
264 1 |a Bratislava  |b European Institute for Development and Education  |c 2012 
300 |a 55 s.  |e príl. 
610 2 0 |a manažment medzinárodný 
610 2 0 |a ekonómia 
610 2 0 |a kríza hospodárska 
610 2 0 |a kríza finančná 
610 2 0 |a kalkulácia nákladov 
610 2 0 |a trh finančný 
610 2 0 |a manažment znalostný 
610 2 0 |a riadenie ľudských zdrojov 
610 2 0 |a vývoj 
610 2 0 |a výskum 
610 2 0 |a plánovanie strategické 
700 1 |a Meluchová, Jitka, 1965- 
700 1 |a Fuksová, Nadežda 
110 2 |a International management news. Annual international scientific management conference